000 01073nam a2200241Ia 4500
003 Ost
005 20260507075245.0
008 260507s9999||||xx |||||||||||||| ||und||
040 _cfsecg
041 _aara
082 _a330
100 _aالطائي، حميد
_eمؤلف
245 0 _aمبادئ التسويق الحديث :
_bمدخل شامل /
_c حميد الطائي
260 _aعمان:
_bدار اليازوري,
_c2009
300 _a269 صفحة؛
_bإيضاحات ؛
_c24 سم
504 _aمراجع : لكل فصل مرجع
520 _aمدخل الى التسويق ، البيئة التسويقة ، تجزئة السوق و تحديد الاسواق المستهدفة ، سلوك المستهلك ، تسويق الخدمات ، التسعير ، التوزيع ، الترويج ، و اخيرا التسويق الالكيروني.
653 _aأدارة المبيعات
653 _aالتسويق
653 _aالتسويق الإلكتروني
700 _aالعلاق، بشير
_eمؤلف ثانوي
942 _cكتاب
999 _c43654
_d43654